| 000 | 00773cam a2200217 4500 | ||
|---|---|---|---|
| 001 | WB3814-04 | ||
| 008 | 020418n2002 000 0 eng u | ||
| 035 | _a(Sirsi) u117580 | ||
| 245 | _aPrefabrication in building | ||
| 260 | _c2002 | ||
| 490 |
_aConstruction News _v(6762) 18 April 2002, 5(1) |
||
| 520 | _aBrian Wilson, construction minister backed calls for an increase in use of prefabrication. He argued that this could improve the efficiency, health, safety and productivity of the UK house building industry. | ||
| 590 | _aWB | ||
| 650 | _aUK CONSTRUCTION INDUSTRY | ||
| 650 | _aPREFABRICATION | ||
| 650 | _aHOUSE BUILDING | ||
| 650 | _aHOUSING FORUM | ||
| 650 | _aHOUSING ASSOCIATIONS | ||
| 690 | _aBUILT ENVIRONMENT-CONSTRUCTION DESIGN | ||
| 942 | _n0 | ||
| 999 |
_c70021 _d70021 |
||